000 00466nam a22001697a 4500
003 NUST - PNEC
005 20170116180800.0
008 150413b xxu||||| |||| 00| 0 eng d
040 _cLIBRARY
082 _a297.5 ASH
100 _92402
_aAshraf, Agha
245 _aMeraj aur science
_cAgha Ashraf
260 _aLahore:
_bAl Faisal Publications,
_cc1999.
300 _a262 p.:
_c22 cm.
650 _92403
_aHistory of Meraj (PBUH), Islam
_xGeneral
942 _2ddc
_cBK
999 _c62899
_d62899